The data model resource book

Αποθηκεύτηκε σε:
Λεπτομέρειες βιβλιογραφικής εγγραφής
Κύριος συγγραφέας: Silverston, Len (Συγγραφέας)
Μορφή: Βιβλίο
Γλώσσα:Αγγλικά
Έκδοση: Nueva York John Wiley and Sons, Inc. 2001
Έκδοση:1a. ed
Θέματα:
Ετικέτες: Προσθήκη ετικέτας
Δεν υπάρχουν, Καταχωρήστε ετικέτα πρώτοι!

MARC

LEADER 00000cam a2200000 a 4500
001 UCE9030
003 CL-VaPUC
008 150928e20010000us |||||||||||||||||eng|d
020 |a 9780471353485v.2 
082 0 4 |a 005.75  |b SIL  |2 21 
100 0 |a Silverston, Len  |e author  |9 581743 
245 1 4 |a The data model resource book 
250 |a 1a. ed 
300 |a v 
942 |c BK 
945 |d 20150928 14:02:00  |a dcastane 
260 |a Nueva York  |b John Wiley and Sons, Inc.  |c 2001 
500 |a v.2: a library of universal data models by industry types 
500 |a Incluye CD 
650 0 |a Diseño de bases de datos   |9 384787 
650 0 |a Bases de datos   |9 260577 
650 0 |a Proceso de datos   |9 259776 
583 |a last modification  |c 20150928 14:02:00  |k Rodrigo Vera 
999 |c 360769  |d 360767 
952 |0 0  |1 0  |3 erb  |4 0  |6 005_750000000000000_SIL_2001  |7 0  |8 A  |9 470719  |a BIBING  |b BIBING  |h v.2  |i 5199786  |o 005.75 SIL 2001  |p 5199786  |r 2025-01-20  |w 2019-11-23  |y BK  |z Catalogado en:20150928  |k EII